La adivinación en la antigüedad /

Guardado en:
Bibliografiske detaljer
Hovedforfatter: Bloch, Raymond (autor)
Andre forfattere: Suárez Molino, Víctor Mamuel (autor) (autor)
Format: Bog
Sprog:spansk
Udgivet: México : Fondo de Cultura Económica, 1985, 1985
Tags: Tilføj Tag
Ingen Tags, Vær først til at tagge denne postø!

MARC

LEADER 00000nam^a2200000^a^4500
001 000572160
005 20250521000000.0
009 20260310132303.443
020 |a 968-16-1926-9 
037 |a Acervo Xavier Clavigero 
041 |a ESP 
091 |a FPA. 03636 
100 |a Bloch, Raymond  |e (autor) 
245 1 3 |a La adivinación en la antigüedad / 
264 4 |a México :  |b Fondo de Cultura Económica,  |c 1985, 1985 
300 |a 160 p. 
336 |a texto  |b txt  |2 rdacontenido 
337 |a sin mediación  |b n  |2 rdamedio 
338 |a volumen  |b nc  |2 rdasoporte 
649 |a XX 
700 |a Suárez Molino, Víctor Mamuel  |e (autor) 
910 |a Fondo José Ignacio Palencia Gómez S.J. 
920 |a Impresos - Libros 
930 |a Fondos Especiales 
905 |a 137 
901 |a 0500356300  |b IT2  |c ESL  |i D  |u 20250521 
902 |a https://opac.biblio.iteso.mx/vufind/Record/000572160